MARC

LEADER 00000nam0a2200000 4500
001 140832
005 20231031142208.0
010 |a 0521816009 
035 |a (RuTPU)RU\TPU\book\152594 
090 |a 140832 
100 |a 20080710d2006 k y0engy50 ba 
101 0 |a eng 
102 |a US 
105 |a a z 001zy 
200 1 |a The New Physics for the Twenty-First Century  |f edited by G. Fraser 
210 |a New York  |c Cambridge University Press  |d 2006 
215 |a 548 с.  |c il. 
320 |a References: p. 528-531. 
320 |a Index: p. 532-548. 
610 1 |a физика 
610 1 |a теоретическая физика 
610 1 |a физическая наука 
610 1 |a физические исследования 
610 1 |a открытия 
610 1 |a 21 век 
610 1 |a английский язык 
675 |a 53  |v 3 
702 1 |a Fraser  |b G.  |g Gordon  |4 340 
801 1 |a RU  |b 63413507  |c 20080710  |g PSBO 
801 2 |a RU  |b 63413507  |c 20100208  |g PSBO 
942 |c BK